00377nam a22001457a 4500003000400000005001700004008004100021020001600062040001800078082001500096100001400111245005600125260004100181300000900222OSt20200606120143.0191101b ||||| |||| 00| 0 eng d a 8188078844 cMESKC library a500bPRA/P aOmprakash aPaathal Se Akash Tak : Suneeta Williams/cOmprakash aDelhi :bRishi Pustak Bhandar,c2016 a176p